Chinchaypucyo : (Record no. 1851)

000 -CABECERA
fixed length control field 01107nam a22002417a 4500
003 - IDENTIFICADOR DEL NÚMERO DE CONTROL
control field AR-CdUCM
008 - DATOS DE LONGITUD FIJA--INFORMACIÓN GENERAL
fixed length control field 190228b ||||| |||| 00| 0 spa d
020 ## - NÚMERO INTERNACIONAL ESTÁNDAR DEL LIBRO
ISBN 9786124121012
040 ## - FUENTE DE LA CATALOGACIÓN
Agencia/entidad que catalogó originalmente la obra MUNICIPALIDAD PROVINCIAL DEL CUSCO
Entidad que transcribió la catalogación BIBLIOTECA MUNICIPAL DEL CUSCO
082 ## - NÚMERO DE LA CLASIFICACIÓN DECIMAL DEWEY
No. de Clasificación 985.613 /
Notacion interna M93
100 ## - ENTRADA PRINCIPAL--NOMBRE DE PERSONA
Nombre Personal Municipalidad Distrital de Chinchaypujio
245 ## - MENCIÓN DE TÍTULO
Título Chinchaypucyo :
Resto del título testimonios de su cultura /
260 ## - PUBLICACIÓN, DISTRIBUCIÓN, ETC.
Lugar de publicación, distribución, etc. Cusco :
Nombre de la editorial, distribuidor, etc. Centro Bartolome de las Casas,
Fecha de publicación, distribución, etc. 2012.
300 ## - DESCRIPCIÓN FÍSICA
Nº de Páginas Extensión 150 páginas ;
Otros detalles físicos Imágenes, 01 desplegable sobre atractivos turísticos
Dimensiones 24 cm.
505 ## - NOTA DE CONTENIDO CON FORMATO
Nota de contenido formateada Proyecto de cultura de la municipalidad distrital de Chinchaypujio -- Chinchaypucyo distrito con diversidad cultural y natural -- Reseña histórica de Chinchaypucyo -- Apus de Chinchaypucyo -- Saberes y rituales agrícolas ...
650 ## - PUNTO DE ACCESO ADICIONAL DE MATERIA--TÉRMINO DE MATERIA
Descriptor Costumbres
9 (RLIN) 230
650 ## - PUNTO DE ACCESO ADICIONAL DE MATERIA--TÉRMINO DE MATERIA
Descriptor Atractivos
9 (RLIN) 6782
650 ## - PUNTO DE ACCESO ADICIONAL DE MATERIA--TÉRMINO DE MATERIA
Descriptor Historia
9 (RLIN) 136
700 ## - PUNTO DE ACCESO ADICIONAL--NOMBRE DE PERSONA
Nombre Personal Palomino Valdivia, Patricia (Elaboración y redacción)
9 (RLIN) 6783
700 ## - PUNTO DE ACCESO ADICIONAL--NOMBRE DE PERSONA
Nombre Personal Ojeda Escalante, Roberto (Elaboración y redacción)
9 (RLIN) 6784
942 ## - ELEMENTOS DE PUNTO DE ACCESO ADICIONAL (KOHA)
Fuente de clasificación
Tipo de item Libros-BMC
945 ## - PROCESAMIENTO DE INFORMACIÓN LOCAL (OCLC)
Catalogador afb
AAAA-MM-DD - Fecha de ingreso o modificacion 2019-02-28
Holdings
Estado de retiro (separado) Fuente de clasificación o esquema de estanterías Estado dañado Ubicación Sala donde se ubica Nombre de la colección Fecha de adquisición o compra Costo, precio normal en soles Signatura topográfica Código de Barras Última vez visto (Koha) Tipo de ítem (Koha)
No     Sala Humanidades Sala Humanidades Book Cart 2019-02-28 23.00 985.613 / M93 SH0000002139 2019-02-28 Libros-BMC
No     Sala Humanidades Sala Humanidades Book Cart 2019-04-10 23.00 985.613 / M93 / e.2 SH0000010513 2019-04-10 Libros-BMC

Powered by Koha